Studien zur Berliner Kunstgeschichte /

Uložené v:
Podrobná bibliografia
Ďalší autori: Klingenburg, Karl-Heinz (Editor)
Médium: Kniha
Jazyk:German
Vydané: Leipzig : E. A. Seemann Verlag, 1986.
Vydanie:1. Aufl.
Edícia:Seemann-Beiträge zur Kunstwissenschaft
ISBN: (brož.)
Fyzický popis: 334 s., [32] s. + obr. príl.
Tagy: Pridať tag
Žiadne tagy, Buďte prvý kto otaguje tento záznam!

MARC

LEADER 00000nam a2200000 a 4500
001 000388564
005 20120702180520.0
008 060529s1986 gw e ger d
020 |a (brož.)  |c Kčs 85,00 
040 |a SVKKK  |b slo  |c SVKKK  |e AACR2 
041 0 |a ger 
044 |a gw  |c DE 
245 0 0 |a Studien zur Berliner Kunstgeschichte /  |c herausgegeben von Karl-Heinz Klingenburg. 
250 |a 1. Aufl. 
260 |a Leipzig :  |b E. A. Seemann Verlag,  |c 1986. 
300 |a 334 s., [32] s. +  |e obr. príl. 
490 1 |a Seemann-Beiträge zur Kunstwissenschaft 
700 1 |a Klingenburg, Karl-Heinz  |4 edt 
830 0 |a Seemann-Beiträge zur Kunstwissenschaft 
910 |a svkkk 
998 |a BK 
090 |g SCKHL  |k Sklad Pribinova 2. posch.  |a II.299146  |j 741927  |i B244377  |s Absenčne